[Event "Bundesliga 0506"]
[Site "Germany"]
[Date "2006.03.11"]
[Round "12.1"]
[White "Ftacnik, Lubomir"]
[Black "Kasimdzhanov, Rustam"]
[Result "0-1"]
[WhiteElo "2612"]
[BlackElo "2670"]
[Annotator "Mikhalevski,V"]
[PlyCount "100"]
[EventDate "2005.10.21"]
[EventType "team-tourn"]
[EventRounds "15"]
[EventCountry "GER"]
[SourceTitle "CBM 112"]
[Source "ChessBase"]
[SourceDate "2006.06.07"]
[SourceVersion "1"]
[SourceVersionDate "2006.06.07"]
[SourceQuality "1"]
[WhiteTeam "Hamburger SK"]
[BlackTeam "Godesberg"]
[WhiteTeamCountry "GER"]
[BlackTeamCountry "GER"]

1. Nf3 Nf6 2. c4 g6 3. Nc3 Bg7 4. e4 d6 5. d4 O-O 6. Be2 Na6 7. O-O e5 8. Be3
c6 {This relatively rare move was tested in Karpov-Kasparov matches. See an
example below.} 9. d5 {Ftacnik prefers to keep the position closed.} (9. dxe5
dxe5 10. Qxd8 Rxd8 11. Rfd1 Re8 12. h3 Bf8 13. Nd2 b6 $1 14. a3 Nc5 15. b4 Ne6
16. Nb3 Ba6 $1 {and Black equalized without big efforts. Karpov,A-Kasparov,G,
World Championship New York(5) 1990.}) 9... Ng4 10. Bg5 f6 11. Bd2 (11. Bh4 {
is the main and more popular alternative.}) 11... c5 {Black closes position on
the queenside and prepares to start active actions on the other side of the
board.} ({Smirin started with the immediate} 11... f5 12. Ng5 Nf6 13. exf5 Bxf5
$146 14. Bf3 (14. Be3 $5) 14... Nc5 15. b4 e4 $1 16. Be2 Nd3 17. g4 (17. Bxd3
exd3 18. Ne6 Bxe6 19. dxe6 $11) 17... Nb2 $1 $36 {and after fantastic
complications the game ended by a perpetual. Komarov,D-Smirin,I, Vienna op
1996/CBM53ext [Smirin].}) 12. h3 {White forces the knight to h6, but loses an
important tempo. The correctness of this move can be judged from the
evaluation of the following line.} (12. Ne1 $5 {The knight goes to d3 anyway,
so why to lose a tempo on h3?} f5 {If the knight has to retreat to h6, then 12.
Ne1 is better than 12.h3. So only this move may explain Ftacnik's 12.h3.} (
12... Nh6 13. Nd3 (13. Qc1 {leads to the text with an extra tempo, which is
saved by avoiding h3.} Nf7 14. Nd3 f5 15. f4 Nb4 $6 (15... exf4 $5) 16. Nf2
exf4 17. a3 Na6 18. exf5 $1 (18. Bxf4 g5 19. Bd2 f4 {[%csl Re5][%cal Gf7e5,
Ga6b8,Gb8d7,Gd7e5]}) 18... g5 $1 19. g4 $1 fxg3 20. Nfe4 $1 Bd4+ 21. Kh1 h6 22.
hxg3 (22. Nxg3 $5) 22... Nc7 23. g4 Ne8 24. Qc2 Bd7 25. f6 $6 (25. Rae1 $142)
25... Ne5 {1/2-1/2 Polak,T-Ljubicic,F/Split CRO 2006/The Week in Chess 599}) (
13. f3 Bd7 14. a3 Nf7 15. Nd3 b6 16. Rb1 f5 17. b4 Rc8 18. Qb3 Bf6 19. Be3 f4
20. Bf2 Bh4 $132 {1/2-1/2 Gausel,E-Kristensen,B/Gausdal 1995/CBM 045 ext (49)})
13... f5 14. f3 {A possible, but not necessary move.} (14. a3 $5 {[%cal Gb2b4]}
) 14... Nc7 15. b4 (15. a3 $5 {[%cal Gb2b4]}) 15... b6 16. bxc5 (16. Rb1 $5)
16... bxc5 17. Rb1 Ne8 18. Qc1 Nf7 19. Bd1 Nf6 20. Ba4 $14 {0-1 Papaioannou,
I-Nogueiras,J/Chalkidiki 1992/EXT 2000 (41)}) 13. Bxg4 (13. exf5 $6 gxf5 14. h3
(14. Bxg4 fxg4 15. Ne4 Bf5 16. Qe2 Qd7 17. f3 $1 $11) 14... Nf6 15. f4 Ne4 $1
16. Nxe4 fxe4 17. fxe5 Bxe5 18. Bc3 Rxf1+ 19. Bxf1 Bxc3 20. bxc3 Qg5 21. Qc1
Qg3 22. Qh6 Qxc3 $6 {1/2-1/2 Murshed,N-Sharif,M/Doha 1993/EXT 97 (26)} (22...
Bf5 $5 $17)) 13... fxg4 14. Nd3 Bd7 15. a3 Bf6 16. b4 b6 17. Nb5 $14 {1/2-1/2
Brunner,L-Chiburdanidze,M/Geneve 1990/CBM 021/[Wahls] (30)}) 12... Nh6 13. Qc1
{I'm not sure whether it was worth forcing the knight to f7, where it goes to
anyway.} (13. a3 $5 {[%cal Ga1b1,Gb2b4] Preparing b4.}) 13... Nf7 14. Ne1 {
[%cal Ge1d3] Transfering the knight to d3.} f5 {Black is a tempo ahead
comparing to 12.Ne1.} 15. exf5 gxf5 16. f4 {A typical way to stop Black's
activity on the kingside, which however can't set any problems in this
concrete position. Black's pieces are ready for opening of the position, while
White still needs some time to consolidate the position.} Bd7 $1 {Completing
development.} 17. g3 {In an attempt to stabilize the position White weakens
his king, but it's not easy both to find a good alternative and to exploit the
move 17.g3.} exf4 {Determining the position in the centre.} (17... Qf6 $5 {
Keeping the tension deserved serious attention.}) 18. gxf4 (18. Bxf4 $1 {
allows access to the e5-square. From the other hand Black remains with a weak
pawn on f5. In any case White is at least not worse here.} Qf6 19. Kh2 Rae8
$132) 18... Nh8 {[%cal Gh8g6] Black improves the position of his knight, which
was restricted by the f4-pawn., but misses a chance to seize the initiative.} (
18... Re8 $1 19. Bf3 Qh4 $1 20. Kh2 Ng5 $3 {Probably Kasimdzhanov missed this
brilliant attacking resource.} 21. Bg2 (21. fxg5 $2 {loses by force to} Be5+
22. Kg1 Bd4+ $1 23. Kh2 f4 $1 $19 {[%csl Rh3] and White gets mated.}) 21... Ne4
22. Nxe4 fxe4 $15) 19. Nf3 Ng6 20. Kh2 Qf6 21. Rf2 Rae8 22. Qc2 Re7 $11 {
Now the position is about equal.} 23. Rg1 Rfe8 24. a3 Nc7 25. Bd3 a6 26. a4 {
Trying to prevent b5 White weakens the b4-square, which allows the following
manoeuvre of the black knight. Nevertheless the move can't be called a mistake
since White's play in the game could be improved.} (26. b3 $5 {stabilizing
position on the queenside and preparing a transfer of the knight to the
kingside deserved serious attention.} b5 27. Ne2 {[%csl Rf5][%cal Ge2g3,Gg3h5]}
) 26... a5 {[%cal Gc7a6,Ga6b4]} 27. Ne2 $1 {[%cal Ge2g3,Gd2a5] Bringing the
knight to g3 and attacking the pawn a5.} Na6 $5 {Rustam feels the initiative.
He's ready to sacrifice the pawn a5 in order to obtain the e3-square for the
rook.} 28. Bc3 {Probably it would be better to leave the queen on f6, which
allows Ng3-h5 with a tempo.} (28. Bxa5 $5 Nb4 (28... Re3 29. Ng3 {[%cal Gd3f5,
Gg3h5]} Nb4 30. Bxb4 cxb4 31. Nh5 Qe7 32. Bxf5 b3 33. Qb1 Bxf5 34. Qxf5 Re2 35.
Rgg2 Rxf2 36. Rxf2 Qe3 37. Kg3 $18) 29. Bxb4 cxb4 30. b3 Re3 $44 {[%csl Rf4]})
28... Qf8 29. Bxa5 Re3 {[%cal Gd7a4,Ga6b4]} 30. Ng3 b6 $1 {A useful move,
which fixes the a-pawn on a4.} 31. Bd2 Nb4 32. Bxb4 cxb4 33. Bxf5 b3 34. Qb1
Bxf5 35. Nxf5 {Makes White's task in the time-trouble more difficult.} ({
It's easy for White to play after} 35. Qxf5 Nxf4 36. Qg4 Ne2 $1 37. Rgg2 $1
Nxg3 38. Nd4 $1 Qe7 39. Rxg3 Qe5 (39... Rxg3 40. Qxg3 Qe5 41. Ne6 Qxg3+ 42.
Kxg3 Rc8 43. Kf3 $1 {[%cal Gf2g2]} Be5 44. Kg4 $1 Rxc4+ 45. Kh5 {[%cal Gf2f8]}
Rc8 46. Rf3 $1 Bxb2 47. Rxb3 $16 {[%csl Rb6]}) 40. Ne6 (40. Nf3 Qe7 41. Rfg2
Kh8 42. Qxg7+ Qxg7 43. Rxg7 Rxf3 $16) 40... Rxg3 41. Qxg3 Qxg3+ 42. Kxg3 {
see 39...Rxg3.}) 35... Re2 36. Rgg2 $1 {Taking control of the second rank.}
Rxf2 37. Rxf2 Nxf4 38. Ng5 (38. Kh1 {would be safer.} Bf6 39. Nh2 Nxh3 40. Rf1
Kh8 41. Qd3 Ng5 42. Qxb3 $16) 38... Be5 39. Kh1 Qf6 $1 40. Rf1 $2 {A serious
mistake.} (40. Nxh7 $1 {was strong.} Kxh7 (40... Qh8 41. Qe4 $1 Qxh7 42. Rxf4
Qxh3+ 43. Kg1 $18) 41. Nxd6+ {[%csl Re8,Rh7]} Kh6 42. Nxe8 Qh4 43. Qe1 $1 Qxh3+
44. Rh2 Qxh2+ 45. Kxh2 Nd3+ 46. Qxe5 Nxe5 47. Nd6 Nd3 48. Ne4 $16 {and White
should be able to convert his advantage into a win.}) 40... Rf8 $2 {Black
retruns the favour.} ({After the correct} 40... Qg6 $1 {[%csl Rh1][%cal Gg6h5]
White starts to experience problems.} 41. h4 Qh5 42. Qe1 (42. Nf3 Rf8 43. N3d4
Kh8 $1 $40) 42... Bxb2 43. Qg3 Be5 44. Ne6+ Kh8 45. Nxd6 Nxe6 46. Qxe5+ Qxe5
47. Nf7+ Kg7 48. Nxe5 Nc5 $17 {[%csl Gb3]}) 41. Ne3 $2 {Ftacnik misses a
chance to restore his advantage.} (41. Nxd6 $1 Qg6 42. Qxg6+ hxg6 43. Ndf7 $1
Rxf7 44. Nxf7 Kxf7 45. Rf3 $18 {[%cal Gf3b3]}) 41... Qh6 $1 $17 {[%csl Rh1,Rh3]
The initiative is on Black's side and Kasimdzhanov leads the game to a full
point.} 42. Qd1 $2 {After this move the game is over. Three consecutive
mistakes crossed out good play on the preceding stage of the game.} (42. Nf5 {
was the only chance to put some resistance.} Qh5 43. Qe4) 42... Nxh3 $19 43.
Rxf8+ Kxf8 44. Ne6+ Qxe6 (44... Kg8 45. Qg4+ Kh8 46. Kg2 Qxe3 47. Qxh3 Qxh3+
48. Kxh3 Bxb2 49. c5 dxc5 50. a5 bxa5 51. Nxc5 Kg7 $1 52. Kg4 Kf6 $19) 45. Qf3+
(45. dxe6 Nf2+ 46. Kg2 Nxd1 47. Nxd1 Ke7 $19 {is also hopeless for White.})
45... Qf7 46. Qxh3 Bxb2 47. Nf5 ({or} 47. Qc8+ Qe8 48. Qf5+ Kg8 49. Qg4+ Kh8
$19) 47... Be5 {[%csl Gb3] Now the b-pawn decides the fate of the game.} 48.
Qh6+ Ke8 49. Nxd6+ Bxd6 50. Qxd6 Qh5+ $1 {and White resigned in view of the
following exchange of the queens.} (50... Qh5+ $1 51. Kg2 Qg6+ 52. Qxg6+ hxg6)
0-1

[Event "FIDE World Cup"]
[Site "Khanty-Mansiysk"]
[Date "2005.11.30"]
[Round "2.1"]
[White "Bacrot, Etienne"]
[Black "Kempinski, Robert"]
[Result "1-0"]
[WhiteElo "2725"]
[BlackElo "2619"]
[Annotator "Mikhalevski,V"]
[PlyCount "55"]
[EventDate "2005.11.27"]
[EventType "k.o."]
[EventRounds "7"]
[EventCountry "RUS"]
[SourceTitle "CBM 111"]
[Source "ChessBase"]
[SourceDate "2006.04.04"]
[SourceVersion "1"]
[SourceVersionDate "2006.04.04"]
[SourceQuality "1"]

1. d4 Nf6 2. c4 g6 3. Nc3 Bg7 4. e4 O-O 5. Be2 d6 6. Nf3 e5 7. Be3 Na6 8. O-O
Ng4 9. Bg5 Qe8 10. dxe5 dxe5 11. h3 Nf6 {A relatively rare continuation.} ({
The popular} 11... h6 12. Bd2 Nf6 13. Be3 {transposes to the game with the
h-pawn on h6. Right now it's difficult to say whether it's useful or not. I
believe this inclusion has its pluses and minuses.}) ({While} 11... f6 {
is another popular alternative.}) 12. Be3 {I believe the main difference
between 11...h6 and 11...Nf6 is that by means of Nf6 Black doesn't force White
to come to e3. However e3 is a good square for the bishop anyway and so it
comes there even without h6.} b6 $6 {[%cal Gc8b7,Ga6c5] Black prepares Bb7,
which is similar to the line with 11...h6. Somehow I feel that this idea is
too slow and allows White to obtain a comfortable advantage.} ({Black also
tested the immediate} 12... Nh5 {, but White got an upper hand after} 13. Re1
Nf4 14. Bf1 c6 15. Bxf4 exf4 16. Qd6 $14 {[%csl Rf4] 1-0 Sharavdorj,D-Eisen,L/
Las Vegas USA 2003.}) ({and} 12... c6 13. c5 Nh5 14. Nd2 Nf4 15. Bxa6 bxa6 16.
Nc4 Qe6 $1 {[%cal Gf4g2] The idea prepared by Mc Shane for the following game.}
({Earlier Black played} 16... Bxh3 $2 {and got no compensation for the
sacrificed piece.}) 17. Nd6 Nxg2 $1 18. Kxg2 Qxh3+ 19. Kg1 Bg4 $1 20. f3 Qg3+
21. Kh1 Qh3+ {and a draw was agreed in Carlsen,M-McShane,L/Drammen NOR 2004/
CBM105 [Avrukh]. I believe this is for the moment a way to play for Black.})
13. a3 {[%cal Gb2b4,Gd1c2] Also White copies his play from the 8..h6-line. The
idea is to prevent Nb4 and thus to prepare a parking lot for the queen on c2.}
({Earlier this year White also tried the immediate} 13. Qc2 {and obatined
advantage after} Nb4 14. Qb1 c5 15. Nd5 $1 Nbxd5 (15... Nfxd5 $5 16. cxd5 f5 {
deserved attention.}) 16. cxd5 $14 {Petkov,V-Cheparinov,I/Pleven BUL 2005.})
13... Bb7 {Kempinski deviates from his win over the same opponent earlier the
same year believing that Bacrot found an improvement.} ({An interestig
regrouping of pieces was demonstrated in the following game:} 13... Nc5 {
[%cal Gf6d7,Gc5e6]} 14. Qc2 (14. Bxc5 {led to an approximately equal position
after} bxc5 15. Nd2 Rb8 16. Rb1 Qe7 17. Qc2 c6 18. Nb3 h5 19. Na5 Bd7 20. Rfd1
Rfc8 21. Na4 Bf8 22. Bf3 Be6 23. Nb3 Nd7 $11 {0-1 Bacrot,E-Kempinski,R/
Gothenburg SWE 2005.}) 14... Nfd7 15. Rad1 Ne6 16. Qd2 (16. b4 $5) 16... Ndc5 {
[%cal Gc5b3,Gb3d4] with the idea of Nb3.} 17. Qc2 f5 18. b4 {Marzolo,
C-Kazhgaleyev,M/Paris FRA 2004. but despite a loss of two tempi White still
looks slightly better.}) 14. Qc2 Nh5 {Only this move is new in this position,
although the idea itself is typical for these type of positions. It's curious
that players still follow the game Beliavsky-Jobava with the h-pawn on h7
instead of h6. See below.} ({The only preceding game saw} 14... Nd7 $6 15. Rad1
(15. b4 $5) 15... Nac5 16. Rd2 Nf6 17. Bxc5 bxc5 18. Nd5 Nxd5 19. cxd5 $16 {
Jedrzejowski,M-Craig,T/ICCF Email 2000. and White got an upper hand thanks to
a better pawn structure.}) 15. b4 $1 {[%csl Ra6][%cal Gc4c5] Bacrot as well as
Beliavsky a day earlier allows to exchange the light-squared bishop for a
knight. This idea has to be noticed. By the move in the game he restricts
mobility of the knight on a6 and prepares c5.} ({White could save the
light-squared bishop by moving a rook from f1 and thus freeing the f1-square
for retreat of the bishop.} 15. Rfe1 {[%cal Ge2f1]}) 15... Nf4 16. c5 $1 Nxe2+
17. Qxe2 {It's curous that the same position with the h-pawn on h6 occuried in
Beliavsky,A-Jobava,B, WCC Khanty Mansiysk 2005 only one day earlier.} f5 {
Probably this move is the only way to look for counterplay. However now Black
will be missing the h-pawn on h6.} ({Jobava's} 17... Nb8 {is not less
dangerous than in his game.} 18. b5 $1 c6 (18... a6 $2 {is hopeless in view of}
19. c6 Bc8 20. a4 $18 {and the knight on b8 has no way out.}) 19. cxb6 axb6 20.
Bxb6 cxb5 21. Bc5 $16 {[%csl Rf8] and White wins an exchange.}) 18. Rfc1 $1 {
[%csl Ra6][%cal Gc5c6] White prepares c6.} ({In case of the immediate} 18. c6
$6 {Black captures the pawn by means of} Qxc6 {[%csl Rc3] and the knight on c3
is hanging.}) 18... bxc5 $2 {This is already a serious mistake. Black
shouldn't allow a recapture on c5 by the dark-squared bishop.} ({He had to play
} 18... f4 {forcing the bishop to d2.} 19. Bd2 {and then} c6 {preparing Nc7-e6
manoeuvre.} 20. Na4 b5 $14 {and so on.}) 19. b5 $16 Nb8 20. Bxc5 Rf7 21. Ng5 {
Probably now Kempinsky started thinking of his opening choice. The move h6
would be very useful now.} Rd7 22. Rd1 $1 $16 {[%csl Rg8] Correctly exchanging
the only active piece in Black's camp, which covers both the f7 and c7 squares.
} (22. Qc4+ Kh8 23. Rd1 Bf6 24. Qe6 Qxe6 25. Nxe6 {transposes to 22.Rd1. See
22...Bf6.}) 22... h6 (22... Bf6 {is slightly better than the game, but Black
is already in a big trouble.} 23. Qc4+ Kh8 (23... Kg7 24. Rxd7+ Nxd7 (24...
Qxd7 25. Rd1 {is even worse for Black.}) 25. Ne6+ Kh8 26. Nxc7 Qg8 27. Qxg8+
Kxg8 28. Nxa8 Nxc5 29. Nc7 Nxe4 30. Nxe4 Bxe4 31. Rd1 $18 {with a decisive
advantage.}) 24. Qe6 Qxe6 25. Nxe6 c6 26. a4 $1 $18 {and Black can hardly move.
} (26. Bd6 $5 {[%cal Ge6c5,Ge6c7] with the ideas Nc7 and Nc5 is also strong.}))
(22... Kh8 23. Qc4 {leads to the same position.}) 23. Qc4+ Kh8 24. Qe6 {
[%csl Rc7] Now look at the black pieces which will remain after exchanges of
heavy pieces.} Qxe6 (24... Qg8 $5 {would be a better practical chance.} 25.
Qxg8+ $1 {The simplest.} (25. exf5 $5 {is also possible, but allows some
counterplay.} hxg5 (25... gxf5 26. Qxf5 $1 Rxd1+ (26... hxg5 27. Rxd7 Nxd7 28.
Qxd7 Qc4 29. Bb4 $18) 27. Rxd1 hxg5 28. Be7 $1 Nc6 $1 29. bxc6 Bxc6 30. Qxg5
$16) 26. Rxd7 Nxd7 27. Qxd7 Qc4 $1 28. Bb4 gxf5 29. Qxf5 c5 $1 {and White
still has to work to win the game.}) 25... Kxg8 26. Ne6 $1 {Getting the game
position with the king on g8 instead of h8, which is not a big difference.} a6
$1 (26... Bxe4 27. Nxe4 fxe4 28. Rac1 $1 Kf7 29. Rxd7+ Nxd7 30. Nxc7 Rc8 31.
Bxa7 $18 {and White wins.}) 27. b6 $1 cxb6 28. Bxb6 {[%cal Ge6c7]} fxe4 29. Nc7
$18) 25. Nxe6 fxe4 (25... a6 $1 {And this is already the very last chance to
put up some resistance.} 26. b6 $1 (26. a4 $5) (26. Rxd7 Nxd7 27. Rd1 Nxc5 28.
Nxc5 Bxe4 29. N3xe4 axb5 $1 (29... fxe4 30. Nxa6 {is hopeless for Black.}) 30.
Nc3 c6 $1 {and White has to be precise to win the game.}) 26... cxb6 27. Bxb6
fxe4 28. Nc7 $18 {[%csl Ra8]}) 26. Be3 $1 {[%cal Ge6c5] This cold-blooded move
decides the game. The threat of Nc5 is too strong.} Bc8 {Black is starting to
set up the initial position.} ({Now} 26... a6 {is hopeless in view of} 27. Nc5
Rxd1+ 28. Rxd1 axb5 29. Nxb7 Rxa3 30. Rd8+ Kh7 31. Nxe4 $18) 27. Nd5 $1 Rxd5
28. Nxc7 $1 {[%csl Ra8] A brilliant win of the French top player, who showed
his overwhelming superiority in this game. The final position will be seen in
many chess manuals. Probably also a number of funs to play this position
without h6 will significally decrease after this game.} 1-0

[Event "FRA-chT Top 16 GpA"]
[Site "Monte Carlo"]
[Date "2006.??.??"]
[Round "?"]
[White "Gurevich, Mikhail"]
[Black "McShane, Luke J"]
[Result "1/2-1/2"]
[WhiteElo "2630"]
[BlackElo "2605"]
[Annotator "RR"]
[PlyCount "136"]
[EventDate "2006.02.03"]
[EventType "team"]
[EventRounds "11"]
[EventCountry "MNC"]
[SourceTitle "EXT 2015"]
[Source "ChessBase"]
[SourceDate "2014.11.20"]
[SourceVersion "1"]
[SourceVersionDate "2014.11.20"]
[SourceQuality "1"]
[WhiteTeam "Gonfreville"]
[BlackTeam "Cannes"]
[WhiteTeamCountry "FRA"]
[BlackTeamCountry "FRA"]

1. d4 Nf6 2. c4 g6 3. Nc3 Bg7 4. e4 d6 5. Nf3 O-O 6. Be2 e5 7. O-O Na6 8. Be3
Ng4 9. Bg5 Qe8 10. dxe5 (10. c5 $1 {la ligne critique} exd4 11. Nd5 Qxe4 (11...
Nxc5 {Navara,D (2663)-McShane,L (2625) EU-chT (Men) 15th 2005 (7.1) 1-0}) 12.
Ne7+ Kh8 $13) 10... dxe5 11. h3 h6 (11... f6 12. Bd2 Nh6 13. c5 (13. Be3) 13...
Nxc5 14. Qc1 {[%cal Gd2h6,Gc1c5,Gc3d5,Gd5c7]} Nf7 15. Nd5 Ne6 16. Nxc7 Nxc7 17.
Qxc7 Nd8 18. Rfc1 Be6 19. b4 Rf7 20. Qc3 Bf8 $132) 12. Bd2 Nf6 13. Be3 Qe7 14.
Nd5 Qd8 15. Nxf6+ (15. Qc2 $142 c6 16. Nxf6+ Qxf6 17. Rfd1 Qe7 18. c5 {[%cal
Gf3d2,Gd2c4,Gc4d6]} Nc7 {[%csl Rd4,Rf4][%cal Gc7e6,Ge6d4]} 19. Rd6 (19. b4)
19... Be6 20. Rad1 $16) 15... Qxf6 16. a3 ({RR} 16. c5 b6 17. Rc1 Rd8 18. Qa4
Nxc5 19. Bxc5 bxc5 20. Rxc5 Qb6 21. Qc2 Bb7 22. Rc1 Qd6 23. Rb5 Bc8 24. Rd1 Qe7
25. Rxd8+ Qxd8 26. Bc4 Bd7 27. Rc5 Be8 28. Nxe5 Qd6 29. Nf3 Rd8 30. Rd5 Qe7 {
Kramnik,V (2740)-Shirov,A (2690)/Monte Carlo 1997/CBM 057 ext/1-0 (51)}) 16...
c6 17. Qc2 (17. c5 Nc7 {[%cal Gc7e6,Ge6d4,Ge6f4]} 18. Nd2 (18. Bc4 Be6 (18...
Ne6 19. Bxe6 Bxe6 20. Qc1 Bxh3) 19. Qc1 {[%cal Gc1c4,Ge3h6]} Bxh3 20. Bxh6 Bxh6
21. Qxh6 Be6 22. Ng5 Rfe8 23. Bxe6 Nxe6 24. Qh7+ Kf8 25. Nxe6+ Rxe6 26. Rad1
$13 {[%csl Rf8][%cal Gd1d7,Gf1d1]} Ke7 {[%cal Ga8h8]} 27. Qh3 Rh8 28. Qb3 Qf4
29. Rd7+ $1 Kf8 (29... Kxd7 30. Qxb7+ Ke8 31. Qb8+ Ke7 32. Qxh8) 30. Qg3 Qxe4
31. Rfd1) 18... Ne6 19. Nc4 Nf4 20. Bg4 Qg5 21. Nd6 f5 22. Bxf4 Qxf4 23. Bf3
Be6 24. Qc2 Rab8 25. Rad1 Qg5 26. Be2 Kh7 27. Bc4 Bd7 28. Nxf5 Bxf5 29. exf5
gxf5 30. Qd2 Rbd8 31. Qxg5 hxg5 {Quist,J (2295)-Cherniaev,A (2455)/Wijk aan
Zee 1997/EXT 2002/0-1 (63)}) 17... Nc7 $146 {[%csl Gd4,Gf4][%cal Gc7e6,Ge6d4,
Ge6f4]} (17... Qe7 {Przewoznik,J (2414)-Jakubowski,T (2311) POL-chT Zakopane
2000 (3) 1/2}) 18. Rad1 (18. Rfd1) 18... Ne6 19. c5 Nf4 20. Bxf4 {[%cal Ge4e5]}
(20. Rd6 $5 Nxe2+ 21. Qxe2 Be6 22. Rfd1 $16) 20... exf4 21. e5 $1 Qe7 22. Rfe1
Kh8 (22... Be6 23. Rd6 $14) 23. b4 a5 24. Bc4 $1 {[%csl Gc4][%cal Gc4e6]} (24.
Bf1 $143 Be6 {[%csl Ge6]}) 24... axb4 25. axb4 Bf5 26. Qb3 Rae8 27. Rd6 {
Les blancs ont un net avantage d'espace mais la position noire reste solide} g5
{[%cal Gg5g4] risqué mais les noirs doivent jouer activement pour ne pas
laisser les blancs prendre l'initiative au centre.} 28. Bd3 g4 29. hxg4 Bxg4
30. Bc2 {[%cal Gb3d3,Gd3h7]} Bxf3 31. Qd3 {[%csl Rh7] un coup intermédiaire
intéressant pour affaiblir l'aile-roi mais le coup naturel Qf3 était peut-être
meilleur} (31. Qxf3 Qg5 32. e6 $5 Re7 33. Qd3 f5 (33... Qg6 34. Qxg6 fxg6 35.
Bxg6 Bf6 $44) 34. Rd7) 31... f5 32. Qxf3 Qg5 33. e6 Re7 34. Rd7 (34. Bb3 Qg4 $1
) 34... Bf6 35. Qh3 Rfe8 36. Rxe7 Bxe7 37. Bxf5 {[%csl Rh8]} Rd8 38. Bc2 Kg7
39. Qf3 (39. Qc3+ $5 Bf6 40. Qf3 Rd4 (40... Kf8 {[%cal Gf8e7]} 41. Re4 {
[%cal Ge4f4]} Be5 42. Bb3 $16 {[%cal Gb3e6]}) 41. Re4) 39... Rd4 40. Qc3 Qf6
41. Be4 Rd8 $1 42. Qf3 Rd4 {proposant tacitement la nulle par répétition de
coups} 43. Qc3 Rd8 44. Qb3 Rd2 45. Bb1 Kf8 (45... f3 $5 46. g3 (46. Qxf3 Qxf3
47. gxf3 $11 {[%csl Rf2,Rf3,Gh6]})) 46. Qf3 Rd4 47. Qa3 (47. Re4 Rxe4 48. Qxe4
f3 49. g3 h5 50. Kh2) 47... Kg7 48. Qc3 Kf8 49. Ba2 Kg7 50. Bc4 Kf8 51. Qb3 Kg7
52. Rc1 Qe5 53. Qf3 Re4 54. Kf1 h5 55. Qb3 Qd4 56. Kg1 Qd2 57. Qb1 Qd4 58. Qb3
Qd2 59. Rd1 Re1+ 60. Rxe1 Qxe1+ 61. Bf1 Kf6 62. Qc4 Ke5 63. b5 Qe4 64. Qc3+ Qd4
65. Qf3 Bxc5 66. bxc6 bxc6 67. e7 Bxe7 68. Qxc6 Bc5 1/2-1/2